Lukavické zápisky

Bibliographic Details
Main Author: Ponická, Hana, 1922-2007 (Author)
Format: Book
Language:Slovak
PhysicalDescription:361 strán 21 cm
Published: [ Prešov] Michal Vaško [2004]
ISBN:8071654566
Edition:[1. vyd.]
Subjects:

MARC

LEADER 00000cam a2200000 a 4500
001 vtls001491115
003 SK-MaSNL
005 20260302003128.0
008 220509s2004 xo gr 000 0aslo
015 |a SNBA2005/07-02727 
020 |a 8071654566  |q (viazané) 
035 |a urn:nbn:sk:snk-am00gl90 
035 |a urn:nbn:sk:snk-am3j3u9 
035 |a C91A1890-895B-44D1-A954-83BC02F5AED3 
040 |a SNK  |b slo  |c SNK  |e AACR2 
041 0 |a slo 
044 |a xo  |c SK 
072 7 |a 929  |x Biografie  |2 konspekt 
072 7 |a 821.162.4  |x Slovenská literatúra  |2 konspekt 
080 |a (0:82-94)  |2 2011 
080 |a 821.162.4-055.2  |2 2011 
100 1 |a Ponická, Hana,  |d 1922-2007  |4 aut  |9 9952 
245 1 0 |a Lukavické zápisky  |c Hana Ponická 
250 |a [1. vyd.] 
260 |a [ Prešov]  |b Michal Vaško  |c [2004] 
300 |a 361 strán  |c 21 cm 
501 |a Miesto vydania podľa ISBN 
600 1 7 |a Ponická, Hana,  |d 1922-2007  |2 SNKMA  |9 9952 
650 0 7 |a slovenské spisovateľky  |2 SNKPH  |9 66576 
650 0 7 |a autobiografické spomienky  |2 SNKPH  |9 386916 
919 |a 80-7165-456-6 
958 |a BX 
958 |a OND 
999 |c 990813  |d 992743 
952 |a SNK  |b SNK  |y PREZ  |7 0  |p 17A0457352  |o snkSC 118770  |i snk2005/1418  |8 0  |0 0  |1 0  |4 0  |d 2005-01-28  |f 1  |l 0  |r 2025-05-27 00:00:00  |w 2026-02-24 
952 |a SNK  |b SNK  |y VYP  |7 0  |p 17A0457351  |o snkSC 118770 D1  |i snk2005/1419  |8 0  |0 0  |1 0  |4 0  |d 2005-01-28  |l 0  |r 2026-02-24 11:48:03  |w 2026-02-24